Statystyki dla Polscy sportowcy po zdjęciach

Kliknij tutaj aby rozwiązać quiz!

Ogólne statystyki

  • Ten quiz został rozwiązany 276 razy
  • Średni wynik to 11 z 20

Statystyki odpowiedzi

Odpowiedź% Poprawnych
Adam Małysz
98%
Robert Lewandowski
97%
Agnieszka Radwańska
94%
Robert Kubica
94%
Marcin Gortat
88%
Mariusz Pudzianowski
86%
Bartosz Kurek
85%
Justyna Kowalczyk
85%
Tomasz Adamek
60%
Bartosz Zmarzlik
58%
Zbigniew Bródka
53%
Władysław Kozakiewicz
39%
Michał Kwiatkowski
35%
Kamila Skolimowska
33%
Mariusz Czerkawski
30%
Rafał Sonik
17%
Anna Kiełbasińska
10%
Jan Szymański
7%
Waldemar Baszanowski
7%
Andrzej Krawczyk
1%

Rozkład punktacji

Percentyl według liczby udzielonych odpowiedzi

Procent ludzi z każdym wynikiem

Twoja historia wyników

Nie rozwiązałeś tego quizu